000 00703nam a2200193 a 4500
001 000041505
005 20201002034941.0
008 131009s1996 sp 000 0 spa d
020 _a8400075692
040 _aDO-SdBNP
_bspa
_cBNPHU
100 1 _aCorriente, Federico
_968209
245 1 0 _aIntroducción a la gramática comparada del semítico meridional /
_cFederico Corriente.
260 _aMadrid :
_bC.S.I.C.,
_c1996.
300 _a120 p. ;
_c22 cm.
490 1 _aTextos Universitarios ;
_v25
504 _aIncluye referencias bibliográficas y notas al pie de las páginas
710 2 _aConsejo Superior de Investigaciones Científicas (España)
_915178
830 0 _aTextos Universitarios
_v25
_91147
999 _c40995
_d40995